ბათუმის შოთა რუსთაველის სახელმწიფო უნივერსიტეტის ბიბლიოთეკა

New Clinical Genetics 3 / (ბიბ.ჩანაწერი № 53644)

000 -LEADER
fixed length control field 00816nam a2200277Ia 4500
001 - CONTROL NUMBER
control field 20691
003 - CONTROL NUMBER IDENTIFIER
control field GE_BSU
005 - DATE AND TIME OF LATEST TRANSACTION
control field 20210304230946.0
008 - FIXED-LENGTH DATA ELEMENTS--GENERAL INFORMATION
fixed length control field 181216s2015||||xx |||||||||||||| ||eng||
040 ## - CATALOGING SOURCE
Transcribing agency GE_BSU
041 ## - LANGUAGE CODE
Language code of text/sound track or separate title eng
050 ## - LIBRARY OF CONGRESS CALL NUMBER
Classification number 9781907904677
080 ## - UNIVERSAL DECIMAL CLASSIFICATION NUMBER
Universal Decimal Classification number 61:575 R-30
100 ## - MAIN ENTRY--PERSONAL NAME
Personal name Read, Andrew
9 (RLIN) 7115
245 ## - TITLE STATEMENT
Title New Clinical Genetics 3 /
Statement of responsibility, etc. Andrew Read and Dian Donnai.
250 ## - EDITION STATEMENT
Edition statement Third Edition
264 ## - PRODUCTION, PUBLICATION, DISTRIBUTION, MANUFACTURE, AND COPYRIGHT NOTICE
Place of production, publication, distribution, manufacture Bunbury :
Name of producer, publisher, distributor, manufacturer Scion,
Date of production, publication, distribution, manufacture, or copyright notice 2015.
300 ## - PHYSICAL DESCRIPTION
Extent 448 p. :
Other physical details ill. ;
Dimensions 27cm.
653 ## - INDEX TERM--UNCONTROLLED
keyword New Clinical Genetics
653 ## - INDEX TERM--UNCONTROLLED
keyword Новая клиническая генетика
653 ## - INDEX TERM--UNCONTROLLED
keyword ახალი კლინიკური გენეტიკა
653 ## - INDEX TERM--UNCONTROLLED
keyword მედიცინა
700 ## - ADDED ENTRY--PERSONAL NAME
Personal name Donnai, Dian
Relator term By
9 (RLIN) 10336
942 ## - ADDED ENTRY ELEMENTS (KOHA)
Koha item type წიგნი
Source of classification or shelving scheme
ეგზემპლარები
Withdrawn status Lost status Source of classification or shelving scheme Damaged status Not for loan Permanent Location Current Location Shelving location Date acquired Cost, normal purchase price Full call number Barcode Date last seen Copy number Price effective from Koha item type Public note
          ბათუმის შოთა რუსთაველის სახელმწიფო უნივერსიტეტის მთავარი ბიბლიოთეკა ბათუმის შოთა რუსთაველის სახელმწიფო უნივერსიტეტის მთავარი ბიბლიოთეკა წიგნსაცავი 2018-12-17 131.00 61:575 R-30 53966 2018-12-17 53966 2018-12-17 წიგნი 131.00 GEL.
          ბათუმის შოთა რუსთაველის სახელმწიფო უნივერსიტეტის მთავარი ბიბლიოთეკა ბათუმის შოთა რუსთაველის სახელმწიფო უნივერსიტეტის მთავარი ბიბლიოთეკა წიგნსაცავი 2018-12-17 131.00 61:575 R-30 53967 2018-12-17 53967 2018-12-17 წიგნი 131.00 GEL.
          ბათუმის შოთა რუსთაველის სახელმწიფო უნივერსიტეტის მთავარი ბიბლიოთეკა ბათუმის შოთა რუსთაველის სახელმწიფო უნივერსიტეტის მთავარი ბიბლიოთეკა წიგნსაცავი 2018-12-17 131.00 61:575 R-30 53968 2018-12-17 53968 2018-12-17 წიგნი 131.00 GEL.